000 00564ntaaa2200205 4500
003 01
005 20251027202743.0
008 0714s1973 ag 01
040 _aAR-BaBN
_bspa
_cAR-BaBN
_eaacr
_dRIC
082 _a790 F322
100 _aFellows, Jack B.
_920341
245 _aThe social kit /
_cJack B. Fellows, Edith Fellows
260 _aNashville :
_bBroadman Press,
_cc1950
300 _a3 v.
500 _aBAJA PATRIMONIAL POR OBSOLESCENCIA 20190405
650 _aIglesia
650 _aRecreacion
_918895
700 _aFellows, Edith
_927599
942 _cBK
999 _c22793
_d22793